Production and Operations Management. (Record no. 348965)

000 -LEADER
fixed length control field 00435 a2200169 4500
020 ## - INTERNATIONAL STANDARD BOOK NUMBER
International Standard Book Number 0195667573
022 ## - INTERNATIONAL STANDARD SERIAL NUMBER
International Standard Serial Number 9780195667578
082 ## - DEWEY DECIMAL CLASSIFICATION NUMBER
Classification number 658.505
090 ## - LOCALLY ASSIGNED LC-TYPE CALL NUMBER (OCLC); LOCAL CALL NUMBER (RLIN)
-- 6607
-- 6607
100 ## - MAIN ENTRY--PERSONAL NAME
Personal name Bedi,Kanishka.
245 ## - TITLE STATEMENT
Title Production and Operations Management.
Statement of responsibility, etc. Kanishka Bedi.
250 ## - EDITION STATEMENT
Edition statement 1st.
260 ## - PUBLICATION, DISTRIBUTION, ETC.
Place of publication, distribution, etc. New Delhi.
Name of publisher, distributor, etc. Oxford university press.
Date of publication, distribution, etc. 2004.
300 ## - PHYSICAL DESCRIPTION
Extent 539p.
500 ## - GENERAL NOTE
General note Paper cover.
942 ## - ADDED ENTRY ELEMENTS (KOHA)
Institution code [OBSOLETE] NBS
Koha item type Book
Call number prefix 658.505 BED
Holdings
Withdrawn status Lost status Damaged status Not for loan Permanent Location Current Location Date acquired Total Checkouts Full call number Barcode Date last seen Price effective from Koha item type
        Central Library (CL) Central Library (CL) 08/28/2013   658.505 BED NBSD-1811 08/10/2016 08/28/2013 Book
© 2023 Central Library, National University of Sciences and Technology. All Rights Reserved.